01065cam a2200277 i 4500001001000000003000900010005001700019007000300036008004100039040003000080041000800110082001900118100005100137245008600188264004900274300002800323336002700351337003300378338002800411586004700439590002600486910000700512942001400519952023700533999001700770000008867DO-SdBNP20260511134341.0ta250422s1989 cu 000 f spa d aDO-SdBNPbspacBNPHUerda hspa axxxbF363p2221 aFernández Pequeño, José M.eautor92341910aPeriplo santiaguero de Max Henríquez Ureña /cJosé M. Fernández Pequeño aSantiago de Cuba :bEdiciones Caseron,c1989 a57 páginas. ;c24 cm. ardacontentbtexto2txt ardamediabsin mediación2n ardacarrierbvolumen2nc aPremio ensayo José María Heredia, 1987 aInventariado,2025,/DG aDG 2ddccLBS1 00102ddc51708PDaBNPHUbBNPHUcCTd2025-04-24eDonado por la Presidencia de la República Dominicana 2023l0oBNPHU PD F363pp2025-3577r2025-04-24w2025-04-24yLBS1zPertenecio a la biblioteca personal de Emilio Cordero Michel c58776d58776